Bankový systém v Rusku bakalárska práca

Enregistré dans:
Détails bibliographiques
Auteur principal: Grossmanová, Dominika
Collectivité auteur: Národohospodárska fakulta EU. Katedra bankovníctva a medzinárodných financií
Autres auteurs: Šturc, Boris, 1961-
Format: Livre
Langue:slovaque
Publié: Bratislava 2018
Tags: Ajouter un tag
Pas de tags, Soyez le premier à ajouter un tag!

MARC

LEADER 00000nbm a2200000 4500
001 0245838
005 20181213111425.5
041 0 |a slo 
044 |a SK 
245 1 0 |a Bankový systém v Rusku  |b bakalárska práca  |c Dominika Grossmanová ; školiteľ: Boris Šturc 
264 1 |a Bratislava  |c 2018 
300 |a 49 s. 
100 1 |a Grossmanová, Dominika 
700 1 |a Šturc, Boris, 1961- 
710 2 |a Národohospodárska fakulta EU. Katedra bankovníctva a medzinárodných financií